[Event "2nd WTeam w"]
[Site "Ningbo CHN"]
[Date "2009.09.04"]
[Round "3"]
[White "Galojan,L"]
[Black "Kovalevskaya,E"]
[Result "1-0"]
[WhiteElo "2326"]
[BlackElo "2436"]
[EventDate "2009.09.02"]

1. d4 Nf6 2. c4 e6 3. Nc3 Bb4 4. Qc2 O-O 5. a3 Bxc3+ 6. Qxc3 d6 7. g3 e5 8.
Nf3 Re8 9. Bg2 Nc6 10. d5 Ne7 11. Nd2 Nf5 12. b4 Nd4 13. Bb2 a5 14. Qd3
axb4 15. axb4 Rxa1+ 16. Bxa1 Qd7 17. Bxd4 exd4 18. Qxd4 Qa4 19. Qc3 b5 20.
O-O bxc4 21. Ra1 Qb5 22. Ra5 Qb6 23. Nxc4 Qb7 24. Ne3 Bd7 25. Qd4 Kf8 26.
Bf3 Rb8 27. Nc2 Qb6 28. Qxb6 Rxb6 29. Ra7 Ne8 30. Kf1 Ke7 31. Ke1 Bc8 32.
Kd2 Rb7 33. Ra8 Bd7 34. Kc3 f5 35. Nd4 Nf6 36. Kc4 Rb6 37. b5 g6 38. Nc6+
Bxc6 39. dxc6 Ne8 40. e3 d5+ 41. Kc5 Nd6 42. Ra5 Rb8 43. Bxd5 Kf6 44. f3
Ke5 45. Bc4 Nc8 46. Ra3 Kf6 47. h4 Ke7 48. e4 fxe4 49. fxe4 Nb6 50. Ra7 Kd8
51. e5 Ra8 52. Rxa8+ Nxa8 53. Bg8 h6 54. Bf7 g5 55. hxg5 hxg5 56. Bb3 Nb6
57. Kd4 Nc8 58. Ke4 Ne7 59. Be6 Ke8 60. b6 Kd8 61. bxc7+ Kxc7 62. Bd7 Kd8
63. e6 Kc7 64. Ke5 g4 65. Kf4 Kd6 66. Kxg4 1-0

[Event "2nd WTeam w"]
[Site "Ningbo CHN"]
[Date "2009.09.04"]
[Round "3"]
[White "Gunina,V"]
[Black "Andriasian,S"]
[Result "1-0"]
[WhiteElo "2437"]
[BlackElo "2234"]
[EventDate "2009.09.02"]

1. d4 Nf6 2. c4 e6 3. Nf3 d5 4. Nc3 Bb4 5. Bg5 Nbd7 6. Qb3 c5 7. cxd5 exd5
8. O-O-O Bxc3 9. Qxc3 h6 10. Bh4 c4 11. Ne5 g5 12. Bg3 Ne4 13. Qa3 Qe7 14.
Qa5 Nxg3 15. hxg3 Nxe5 16. dxe5 Be6 17. f4 Kf8 18. e3 Kg7 19. Be2 g4 20.
Rh5 Kg6 21. Rdh1 Qd7 22. Qc3 Bf5 23. Bd1 Rad8 24. Rxf5 Kxf5 25. Qc2+ 1-0

[Event "2nd WTeam w"]
[Site "Ningbo CHN"]
[Date "2009.09.05"]
[Round "4"]
[White "Mkrtchian,L"]
[Black "Zhao Xue"]
[Result "1/2-1/2"]
[WhiteElo "2468"]
[BlackElo "2542"]
[EventDate "2009.09.02"]

1. d4 Nf6 2. c4 e6 3. Nc3 Bb4 4. Qc2 O-O 5. a3 Bxc3+ 6. Qxc3 b6 7. Bg5 Bb7
8. e3 d6 9. Ne2 Nbd7 10. Qc2 c5 11. Rd1 Qe7 12. Nc3 cxd4 13. Rxd4 h6 14.
Bh4 Rfc8 15. f3 Ne5 16. Be2 Nc6 17. Rd2 Na5 18. Qa4 d5 19. cxd5 exd5 20.
Bxf6 Qxf6 21. Kf2 Qe6 22. Bb5 Rc7 23. Re1 a6 24. Bf1 Rac8 25. Qd1 b5 26.
Rd4 Qe5 27. h3 Rc5 28. Bd3 Nc6 29. Bb1 Rxc3 30. bxc3 Nxd4 31. cxd4 Qd6 32.
Qb3 Qc6 33. Re2 Qc3 34. Qb4 Qxb4 35. axb4 Rc3 36. Rb2 Kf8 37. Ke2 Ke7 38.
Kd2 Rc7 39. Rc2 Rxc2+ 40. Bxc2 Kd6 41. g4 Kc7 42. e4 dxe4 43. fxe4 Kb6 44.
Ke3 a5 45. bxa5+ Kxa5 46. d5 f6 47. Kd4 Kb6 48. e5 fxe5+ 49. Kxe5 Kc7 50.
Ke6 Kd8 51. Bb3 Ke8 52. Kd6 Kd8 53. Ke6 Ke8 54. Kd6 Kd8 55. Ke6 Ke8 1/2-1/2

[Event "2nd WTeam w"]
[Site "Ningbo CHN"]
[Date "2009.09.05"]
[Round "4"]
[White "Ju Wenjun"]
[Black "Galojan,L"]
[Result "1-0"]
[WhiteElo "2443"]
[BlackElo "2326"]
[EventDate "2009.09.02"]

1. d4 Nf6 2. c4 e6 3. Nf3 b6 4. g3 Ba6 5. Qc2 Bb7 6. Bg2 c5 7. d5 exd5 8.
cxd5 Nxd5 9. O-O Be7 10. Rd1 Nc6 11. Qa4 Nf6 12. e4 O-O 13. e5 Ne8 14. Nc3
Nc7 15. Be3 Qc8 16. Rd2 Rd8 17. Rad1 Nb4 18. a3 Bc6 19. Qb3 Nba6 20. Ng5
Ne6 21. Nge4 Nac7 22. f4 g6 23. Nd6 Bxd6 24. exd6 Ne8 25. Bxc6 Qxc6 26. Nd5
Kg7 27. f5 Nd4 28. f6+ Kh8 29. Bxd4 cxd4 30. Ne7 Qxd6 31. Qxf7 Nxf6 32.
Rxd4 Qe5 33. Nxg6+ hxg6 34. Rh4+ Nh5 35. Qxg6 Qe3+ 36. Kg2 Qe2+ 37. Kh3
Qxd1 38. Rxh5+ Qxh5+ 39. Qxh5+ Kg7 40. Qg5+ Kf7 41. Qd5+ Ke7 42. Qe5+ Kf7
43. Qd5+ Ke7 44. Kg2 Rac8 45. h4 Rc5 46. Qe4+ Kd6 47. h5 Kc7 48. h6 Kb8 49.
g4 d5 50. Qe5+ Ka8 51. h7 Rcc8 52. Qd4 Kb7 53. g5 Kc6 54. g6 Rh8 55. Qc3+
Kd6 56. Qxc8 1-0

[Event "2nd WTeam w"]
[Site "Ningbo CHN"]
[Date "2009.09.05"]
[Round "4"]
[White "Aginian,N"]
[Black "Huang Qian"]
[Result "0-1"]
[WhiteElo "2307"]
[BlackElo "2424"]
[EventDate "2009.09.02"]

1. e4 c5 2. Nf3 d6 3. d4 cxd4 4. Nxd4 Nf6 5. Nc3 a6 6. Be3 e5 7. Nf3 Qc7 8.
a4 Be7 9. a5 Nbd7 10. Be2 O-O 11. O-O b5 12. axb6 Nxb6 13. Nd2 a5 14. Bxb6
Qxb6 15. Nc4 Qc5 16. Na4 Qc7 17. Nab6 Rb8 18. Nxc8 Rfxc8 19. Qd3 Qc6 20.
Rxa5 Qxe4 21. Qxe4 Nxe4 22. Rd1 Nf6 23. b3 d5 24. Ne3 Bb4 25. Rb5 d4 26.
Rxb8 Rxb8 27. Nc4 Nd5 28. Ra1 e4 29. Ne5 Bc3 30. Nc6 Re8 31. Rd1 d3 32.
cxd3 Nf4 33. Bf1 exd3 34. g3 d2 35. gxf4 Re1 36. Rxd2 Bxd2 37. b4 Bxf4 38.
b5 Bd6 39. h3 Bc5 40. Kg2 g6 41. Bc4 Kg7 42. Nd8 Rc1 43. Be2 Rc2 44. Kf3
Rd2 45. Nc6 Kf6 46. Na5 Rd5 47. Nc4 Rf5+ 48. Ke4 Bxf2 49. Nd6 Re5+ 50. Kf3
Bb6 51. Ne4+ Ke7 52. Bc4 f5 53. Ng3 Kf6 54. Nf1 g5 55. Ng3 Kg6 56. Kg2 Re3
57. Bd5 h5 58. Bc6 g4 59. hxg4 hxg4 60. Bd7 f4 61. Nf1 Re2+ 62. Kh1 Re1 0-1

[Event "2nd WTeam w"]
[Site "Ningbo CHN"]
[Date "2009.09.05"]
[Round "4"]
[White "Karavade,E"]
[Black "Dzagnidze,N"]
[Result "1/2-1/2"]
[WhiteElo "2391"]
[BlackElo "2535"]
[EventDate "2009.09.02"]

1. d4 Nf6 2. Nf3 e6 3. c4 b6 4. g3 Ba6 5. Qa4 Bb7 6. Bg2 Be7 7. O-O O-O 8.
Nc3 Ne4 9. Nxe4 Bxe4 10. Be3 f5 11. Rfd1 Bf6 12. Rd2 d6 13. Ne1 Bxg2 14.
Nxg2 e5 15. dxe5 Bxe5 16. c5 bxc5 17. Bxc5 Nd7 18. Bd4 Bxd4 19. Qxd4 a5 20.
Rc1 Kh8 21. Qf4 Ne5 22. Ne3 Ng6 23. Qd4 f4 24. Nd5 c5 25. Qc3 Rf5 26. Nxf4
Nxf4 27. gxf4 Rxf4 28. Qg3 Rf6 29. Rc4 Qe7 30. Rg4 Raf8 31. e3 Qf7 32. b3
d5 33. Qg2 Rf3 34. Rg3 Rf5 35. Rg5 d4 36. Rxf5 Qxf5 37. exd4 cxd4 38. Rxd4
Qb1+ 39. Qf1 Qxa2 40. Rd3 h6 41. Re3 Rf5 42. Rg3 Qd2 43. h3 Kh7 44. Qg2
Qe1+ 45. Qf1 1/2-1/2

[Event "2nd WTeam w"]
[Site "Ningbo CHN"]
[Date "2009.09.05"]
[Round "4"]
[White "Zhukova,N"]
[Black "Zawadzka,J"]
[Result "1-0"]
[WhiteElo "2457"]
[BlackElo "2414"]
[EventDate "2009.09.02"]

1. d4 Nf6 2. c4 g6 3. Nc3 Bg7 4. e4 d6 5. Nf3 O-O 6. h3 e5 7. d5 Na6 8. Bg5
c6 9. Nd2 Bd7 10. Be2 h6 11. Be3 Nh7 12. g4 f5 13. gxf5 gxf5 14. exf5 cxd5
15. Nxd5 Bxf5 16. Rg1 Kh8 17. Bg4 Ng5 18. Bxf5 Rxf5 19. Qg4 Rf7 20. Qh5 Kg8
21. Bxg5 hxg5 22. Ne4 Qd7 23. Nxg5 Rf5 24. Qh7+ Kf8 25. Ne6+ Qxe6 26. Rxg7
Rh5 27. Rg8+ 1-0

[Event "2nd WTeam w"]
[Site "Ningbo CHN"]
[Date "2009.09.05"]
[Round "4"]
[White "Dworakowska,J"]
[Black "Muzychuk,M"]
[Result "1-0"]
[WhiteElo "2345"]
[BlackElo "2441"]
[EventDate "2009.09.02"]

1. e4 d5 2. exd5 Nf6 3. Bb5+ Bd7 4. Be2 Nxd5 5. d4 Bf5 6. Nf3 e6 7. O-O Be7
8. a3 O-O 9. c4 Nb6 10. Nc3 Bf6 11. Be3 Nc6 12. h3 Qd7 13. b4 Rad8 14. Ra2
Qc8 15. Rd2 h6 16. Qb3 Ne7 17. Bf4 c6 18. Rfd1 Rfe8 19. Bh2 Nd7 20. Bd3
Bxd3 21. Rxd3 Ng6 22. Ne4 Be7 23. Ne5 Ngxe5 24. dxe5 Nb6 25. Bf4 Rxd3 26.
Rxd3 Rd8 27. Rg3 Kf8 28. Nd6 Bxd6 29. exd6 Nd7 30. Qe3 Nf6 31. Bxh6 Nh5 32.
Qe5 c5 33. Qxh5 gxh6 34. bxc5 Ke8 35. Rg7 1-0

[Event "2nd WTeam w"]
[Site "Ningbo CHN"]
[Date "2009.09.05"]
[Round "4"]
[White "Hoang Thi Bao Tram"]
[Black "Tan Zhongyi"]
[Result "1/2-1/2"]
[WhiteElo "2265"]
[BlackElo "2435"]
[EventDate "2009.09.02"]

1. d4 Nf6 2. Nf3 g6 3. Bf4 Bg7 4. Nbd2 d5 5. e3 O-O 6. Be2 c5 7. c3 Qb6 8.
Qb3 Nc6 9. O-O c4 10. Qa3 Nh5 11. Bg5 h6 12. Bh4 g5 13. Ne1 Nf6 14. Bg3 e5
15. dxe5 Ng4 16. Bxg4 Bxg4 17. Nef3 Rfe8 18. b3 cxb3 19. axb3 Nxe5 20. Nxe5
Bxe5 21. Bxe5 Rxe5 22. Qa4 Be2 23. Rfe1 Bb5 24. Qg4 Rae8 25. Qd4 Qxd4 26.
cxd4 R5e6 27. Rxa7 Ba6 28. Rc1 Rb6 29. h3 Kg7 30. Rc3 Kf6 31. Nf3 Ke6 32.
Ne5 f6 33. Nd3 Bxd3 34. Rxd3 Rc8 35. f3 Rc2 36. e4 dxe4 37. fxe4 Re2 38.
Ra8 Rxe4 39. Re8+ Kd5 40. Rd8+ Rd6 41. Rh8 Rxd4 42. Rf3 Rd1+ 43. Kh2 Ke5
44. Rxh6 b5 45. h4 R1d3 46. Rhxf6 Rxf6 47. Rxd3 gxh4 48. g3 hxg3+ 49. Kxg3
Ke4 50. Rd1 Rf3+ 51. Kg2 Rxb3 52. Kf2 b4 53. Rd8 Rh3 54. Ke2 b3 55. Kd2
Rh2+ 1/2-1/2

[Event "2nd WTeam w"]
[Site "Ningbo CHN"]
[Date "2009.09.05"]
[Round "4"]
[White "Zhang Xiaowen"]
[Black "Pham Le Thao Nguyen"]
[Result "1-0"]
[WhiteElo "2391"]
[BlackElo "2301"]
[EventDate "2009.09.02"]

1. e4 c5 2. Nf3 a6 3. c4 Nc6 4. d4 cxd4 5. Nxd4 Qc7 6. Nc3 e6 7. a3 Nf6 8.
Be3 Ne5 9. f3 Ng6 10. Qd2 Be7 11. Be2 b6 12. O-O Bb7 13. Rac1 O-O 14. Kh1
Rac8 15. Na4 d6 16. Rfd1 Nd7 17. Bf1 Qb8 18. b4 Bd8 19. Bf2 Bc7 20. Bg3
Rfd8 21. Qa2 Nf6 22. c5 dxc5 23. Bxc7 Rxc7 24. bxc5 bxc5 25. Nxc5 Qc8 26.
Ndxe6 Rxd1 27. Rxd1 Rd7 28. Nxd7 Nxd7 29. Ng5 Nde5 30. Qd2 Nf8 31. Rc1 Qe8
32. Rc7 Bc8 33. Qc3 Bd7 34. Bxa6 h6 35. Nh3 Bxh3 36. gxh3 Qa4 37. Be2 Nfg6
38. Qb4 Qe8 39. a4 Qe6 40. a5 Qxh3 41. Qe1 Qe6 42. Qd2 Qb3 43. a6 Kh7 44.
a7 Qa3 45. Qd5 Qe3 46. Qd1 Qa3 47. Qc1 Qa2 48. Qe3 Qa5 49. Bf1 Qa1 50. Rc1
Qa2 51. Rc8 Nxf3 52. Be2 1-0

[Event "2nd WTeam w"]
[Site "Ningbo CHN"]
[Date "2009.09.05"]
[Round "4"]
[White "Hoang Thi Nhu Y"]
[Black "Ding Yixin"]
[Result "0-1"]
[WhiteElo "2114"]
[BlackElo "2321"]
[EventDate "2009.09.02"]

1. c4 c5 2. Nc3 Nc6 3. g3 g6 4. Bg2 Bg7 5. Nf3 e5 6. O-O Nge7 7. d3 d6 8.
a3 O-O 9. Rb1 f5 10. Bd2 a5 11. b3 h6 12. Ne1 Be6 13. b4 axb4 14. axb4 Nxb4
15. Bxb7 Rb8 16. Bg2 e4 17. Nc2 exd3 18. Nxb4 cxb4 19. Nd5 Bxd5 20. cxd5
dxe2 21. Qxe2 b3 22. Rfe1 Rb7 23. Bf4 Nc8 24. Bf1 b2 25. Qd2 g5 26. Be3 Qf6
27. Ba6 Rc7 28. Qa5 Qc3 29. Qa4 Qc2 30. Bb5 f4 31. gxf4 gxf4 32. Qxc2 Rxc2
33. Bxf4 Rxf4 34. Re8+ Rf8 0-1

[Event "2nd WTeam w"]
[Site "Ningbo CHN"]
[Date "2009.09.05"]
[Round "4"]
[White "Wang Xiaohui"]
[Black "Pham Bich Ngoc"]
[Result "1/2-1/2"]
[WhiteElo "2223"]
[BlackElo "2145"]
[EventDate "2009.09.02"]

1. d4 Nf6 2. c4 c5 3. d5 b5 4. cxb5 a6 5. bxa6 Bxa6 6. Nc3 d6 7. e4 Bxf1 8.
Kxf1 g6 9. g3 Bg7 10. Kg2 O-O 11. Nf3 Nbd7 12. h3 Nb6 13. Re1 Nfd7 14. Bf4
Qb8 15. Qe2 Qb7 16. Rac1 Rfc8 17. b3 c4 18. b4 Ra6 19. Red1 Bxc3 20. Rxc3
Na4 21. Rc2 Qxb4 22. e5 dxe5 23. Nxe5 Nxe5 24. Bxe5 f6 25. Qg4 Qc5 26. Bf4
Re8 27. Be3 Qc8 28. Qe4 c3 29. Rb1 Qf5 30. Qxf5 gxf5 31. Rb7 Rd8 32. Rxe7
Rxd5 33. Bh6 Ra8 34. Rg7+ Kh8 35. Rc7 Rad8 36. Bg7+ Kg8 37. Bxf6 Rd2 38.
Rc1 Re8 39. Bxc3 Nxc3 40. R1xc3 Rxa2 41. Rc8 Rxc8 42. Rxc8+ Kf7 43. Kf3 h6
44. Rc6 Kg7 45. h4 Ra4 46. Rd6 Rb4 47. Re6 Ra4 48. Ke3 Rg4 49. Ke2 h5 50.
Kd3 Ra4 51. Ke3 Rg4 52. Ke2 Ra4 53. f3 Ra3 54. Rd6 Rb3 55. Rd3 Rb4 56. Ke3
Kf6 57. Rd4 Rb6 58. Rc4 Rb3+ 59. Kf4 Rb6 60. Rc8 Rb4+ 61. Ke3 Rb3+ 62. Ke2
Rb2+ 63. Kd3 Rb3+ 64. Rc3 Rb4 65. Rc6+ Kg7 66. Ke3 Ra4 67. Rd6 Rb4 68. Rd4
Rb6 69. Rf4 Rb3+ 70. Kd4 Kg6 71. Kc4 Ra3 72. Kd5 Ra5+ 73. Kc6 Ra3 74. Kb5
Rc3 75. Kb4 Rd3 1/2-1/2

[Event "2nd WTeam w"]
[Site "Ningbo CHN"]
[Date "2009.09.06"]
[Round "5"]
[White "Javakhishvili,L"]
[Black "Mkrtchian,L"]
[Result "0-1"]
[WhiteElo "2472"]
[BlackElo "2468"]
[EventDate "2009.09.02"]

1. d4 Nf6 2. c4 e6 3. Nf3 b6 4. g3 Ba6 5. Nbd2 Bb4 6. Qc2 Bb7 7. Bg2 c5 8.
d5 exd5 9. Nh4 Bc6 10. cxd5 Nxd5 11. O-O Bxd2 12. Qxd2 Ne7 13. e4 O-O 14.
b3 Na6 15. Bb2 Nc7 16. Rad1 f6 17. Rfe1 Qc8 18. g4 Rf7 19. Nf5 Qb7 20. Re3
Rd8 21. Qd6 Ne8 22. Qf4 0-1

[Event "2nd WTeam w"]
[Site "Ningbo CHN"]
[Date "2009.09.06"]
[Round "5"]
[White "Galojan,L"]
[Black "Khukhashvili,S"]
[Result "1-0"]
[WhiteElo "2326"]
[BlackElo "2451"]
[EventDate "2009.09.02"]

1. d4 Nf6 2. c4 e6 3. Nc3 Bb4 4. Qc2 O-O 5. a3 Bxc3+ 6. Qxc3 d6 7. Nf3 Nbd7
8. g3 b6 9. Bg2 Bb7 10. O-O c5 11. b4 Rc8 12. dxc5 bxc5 13. b5 d5 14. cxd5
exd5 15. a4 a6 16. Bf4 Re8 17. Qb2 Qb6 18. Ne5 Nf8 19. Rfb1 a5 20. Ra2 h6
21. Bd2 Rc7 22. e3 Ne6 23. Qc3 Ra8 24. Be1 Ng5 25. Rc1 Nge4 26. Qc2 Re8 27.
Nf3 Rcc8 28. Nd2 c4 29. Nxe4 dxe4 30. Qc3 Nd5 31. Qxa5 Qc5 32. Qd2 c3 33.
Qe2 Qb4 34. a5 Qb3 35. Rac2 Rc5 36. Bf1 Rec8 37. a6 Ba8 38. Qd1 Qb4 39. Qd4
Qa5 40. Rb1 Qc7 41. Rb3 f5 42. b6 Nxb6 43. Rbxc3 Rxc3 44. Rxc3 Bc6 45. Bb5
Qd7 46. Bxc6 1-0

[Event "2nd WTeam w"]
[Site "Ningbo CHN"]
[Date "2009.09.06"]
[Round "5"]
[White "Lomineishvili,M"]
[Black "Aginian,N"]
[Result "1/2-1/2"]
[WhiteElo "2378"]
[BlackElo "2307"]
[EventDate "2009.09.02"]

1. e4 e6 2. d4 d5 3. Nc3 Nf6 4. Bg5 dxe4 5. Nxe4 Be7 6. Bxf6 gxf6 7. Nf3 f5
8. Nc3 a6 9. Qd2 b5 10. O-O-O b4 11. Na4 Bb7 12. Bc4 Bd5 13. Qe2 Rg8 14.
Rhg1 Qd6 15. Ne5 Nd7 16. f3 Nxe5 17. dxe5 Qc6 18. Bxd5 exd5 19. b3 Qh6+ 20.
Kb1 Qxh2 21. Rh1 Qxg2 22. Qd3 Rg3 23. Qxd5 Qxf3 24. Qd7+ Kf8 25. Rdf1 Qe4
26. Qxc7 Bd8 27. Qd6+ Be7 28. Qh6+ Ke8 29. Re1 Qg2 30. e6 Rg7 31. exf7+
Kxf7 32. Qe6+ Ke8 33. Qxf5 Rf7 34. Qe6 Qg6 35. Qe2 Kf8 36. Rhg1 Bg5 37. Qg2
Re8 38. Nc5 Rf5 39. Qa8 Kf7 40. Qb7+ Kg8 41. Qc8 Kf7 42. Ne4 h6 43. Qb7+
Kg8 44. Qxb4 a5 45. Qc4+ Kg7 46. Qc7+ Kh8 47. Qc8 Kg7 48. Qc7+ Kh8 49. a4
Kg8 50. Rd1 Rf7 51. Qc4 Kg7 52. Qd4+ Kg8 53. Qe5 Qf5 54. Rd6 1/2-1/2

[Event "2nd WTeam w"]
[Site "Ningbo CHN"]
[Date "2009.09.06"]
[Round "5"]
[White "Pham Le Thao Nguyen"]
[Black "Zhukova,N"]
[Result "0-1"]
[WhiteElo "2301"]
[BlackElo "2457"]
[EventDate "2009.09.02"]

1. d4 Nf6 2. Nf3 c5 3. c3 Qb6 4. g3 d5 5. Bg2 Nc6 6. O-O e6 7. dxc5 Bxc5 8.
b4 Be7 9. a3 e5 10. Bb2 a5 11. Nbd2 e4 12. Nd4 Nxd4 13. cxd4 axb4 14. axb4
Rxa1 15. Qxa1 Qxb4 16. Nb1 O-O 17. Ba3 Qa4 18. Qb2 Bxa3 19. Nxa3 Bd7 20.
Nc2 h5 21. e3 Rc8 22. Nb4 Be6 23. Rb1 h4 24. Bf1 g6 25. Qe2 Kg7 26. Qd1 Qd7
27. Rc1 hxg3 28. hxg3 Bg4 29. Qe1 Rh8 30. Bg2 Bf3 31. Qf1 Qg4 0-1

[Event "2nd WTeam w"]
[Site "Ningbo CHN"]
[Date "2009.09.06"]
[Round "5"]
[White "Gaponenko,I"]
[Black "Hoang Thi Nhu Y"]
[Result "1-0"]
[WhiteElo "2438"]
[BlackElo "2114"]
[EventDate "2009.09.02"]

1. e4 c6 2. d4 d5 3. Nc3 dxe4 4. Nxe4 Bf5 5. Ng3 Bg6 6. h4 h6 7. Nf3 Nd7 8.
h5 Bh7 9. Bd3 Bxd3 10. Qxd3 Ngf6 11. Bf4 e6 12. O-O-O Qa5 13. Kb1 O-O-O 14.
c4 Be7 15. Qc2 Nb8 16. Ne5 Rhf8 17. c5 Rd5 18. Ne2 Qd8 19. Qa4 Ne4 20. Nd3
Na6 21. f3 Nf6 22. Ne5 Qe8 23. Nc3 Rd8 24. Nc4 Nd5 25. Nd6+ Bxd6 26. Bxd6
Rg8 27. Ne4 f5 28. Nd2 g6 29. Nc4 gxh5 30. g3 Qg6 31. Ne5 Qe8 32. a3 Ndc7
33. Nc4 Nb5 34. Be5 Qg6 35. Ka1 Rd5 36. Qb3 Qf7 37. a4 Nbc7 38. Nd6+ Rxd6
39. Bxd6 Nd5 40. Rc1 Nab4 41. a5 Rg5 42. Rc4 Na6 43. Qd3 Nac7 44. Qd2 a6
45. Rcc1 Nb5 46. Be5 Qg8 47. Qe1 Qg6 48. Rd1 Kd7 49. Rh2 f4 50. Bxf4 1-0

[Event "2nd WTeam w"]
[Site "Ningbo CHN"]
[Date "2009.09.06"]
[Round "5"]
[White "Pham Bich Ngoc"]
[Black "Zdebskaja,N"]
[Result "1/2-1/2"]
[WhiteElo "2145"]
[BlackElo "2410"]
[EventDate "2009.09.02"]

1. c4 e5 2. g3 Nf6 3. Bg2 Nc6 4. Nc3 Bc5 5. a3 a6 6. e3 d6 7. Nge2 O-O 8.
b4 Ba7 9. Bb2 Re8 10. O-O Bf5 11. d4 exd4 12. Nxd4 Nxd4 13. exd4 c6 14. d5
c5 15. Qf3 Qd7 16. b5 Ng4 17. Na4 axb5 18. cxb5 Qxb5 19. Qxf5 Qxa4 20. Rae1
Nh6 21. Qd3 Rxe1 22. Rxe1 Re8 23. Rxe8+ Qxe8 24. Be4 c4 25. Qxc4 Ng4 26.
Bd4 Bxd4 1/2-1/2

[Event "2nd WTeam w"]
[Site "Ningbo CHN"]
[Date "2009.09.06"]
[Round "5"]
[White "Zawadzka,J"]
[Black "Sachdev,T"]
[Result "1-0"]
[WhiteElo "2414"]
[BlackElo "2405"]
[EventDate "2009.09.02"]

1. e4 e5 2. Nf3 Nc6 3. Bb5 a6 4. Ba4 Nf6 5. O-O Nxe4 6. d4 b5 7. Bb3 d5 8.
dxe5 Be6 9. Nbd2 Nc5 10. c3 Nxb3 11. Nxb3 Be7 12. h3 O-O 13. Re1 Qd7 14.
Be3 Rad8 15. Bc5 Bxc5 16. Nxc5 Qe7 17. b4 a5 18. a3 Ra8 19. Qd3 Rfb8 20.
Qe3 Qe8 21. Nb3 axb4 22. axb4 Ne7 23. Qc5 Ng6 24. Ra5 Rxa5 25. Nxa5 Qd7 26.
Qe3 Re8 27. Nb3 Bf5 28. Qd4 Nf8 29. Nc5 Qd8 30. Qf4 Bd7 31. Qd2 Qa8 32. Nd4
c6 33. f4 Qc8 34. Qe3 Ne6 35. Nf5 Qc7 36. Nd6 Ra8 37. f5 Nxc5 38. bxc5 Be8
39. Qg5 h6 40. Qe3 Qe7 41. f6 Qe6 42. fxg7 Kxg7 43. Rf1 Qg6 44. h4 Ra2 45.
Qf3 Kf8 46. h5 Qe6 47. Qg3 Re2 48. Rf5 Re4 49. Rf6 Qxe5 50. Nxe4 Qxe4 51.
Rxh6 1-0

[Event "2nd WTeam w"]
[Site "Ningbo CHN"]
[Date "2009.09.06"]
[Round "5"]
[White "Karavade,E"]
[Black "Dworakowska,J"]
[Result "1/2-1/2"]
[WhiteElo "2391"]
[BlackElo "2345"]
[EventDate "2009.09.02"]

1. d4 g6 2. Nf3 Bg7 3. c4 d6 4. Nc3 e5 5. dxe5 dxe5 6. Qxd8+ Kxd8 7. Bd2
Be6 8. O-O-O Nd7 9. Ng5 Bxc4 10. e3 Bxf1 11. Rhxf1 Nh6 12. f4 Kc8 13. Nce4
1/2-1/2

[Event "2nd WTeam w"]
[Site "Ningbo CHN"]
[Date "2009.09.06"]
[Round "5"]
[White "Szczepkowska Horowska,K"]
[Black "Nadig,K"]
[Result "1/2-1/2"]
[WhiteElo "2321"]
[BlackElo "2273"]
[EventDate "2009.09.02"]

1. e4 c5 2. Nf3 d6 3. d4 Nf6 4. Nc3 cxd4 5. Nxd4 a6 6. Be2 e5 7. Nb3 Be7 8.
O-O O-O 9. Re1 Be6 10. Bf3 Nbd7 11. a4 Qc7 12. a5 Rfd8 13. Be3 b5 14. axb6
Nxb6 15. Na5 Nc4 16. Nxc4 Qxc4 17. Nd5 Nxd5 18. exd5 Bf5 19. c3 Qb5 20. b3
Bg6 21. Ra4 Rdb8 22. Rb4 Qa5 23. Rxb8+ Rxb8 24. b4 Qc7 25. Qd2 a5 26. Ra1
axb4 27. cxb4 Qc4 28. Ra4 f5 29. g3 Be8 30. Be2 Qb3 31. Ra7 Bf8 32. Bd3 e4
33. Ba6 Qxb4 34. Qxb4 Rxb4 35. Bc8 h6 36. Bxf5 Rb8 37. Bxe4 Bf7 38. Kg2 Rb5
39. Bh7+ Kxh7 40. Rxf7 Kg8 41. Rf5 Be7 42. Rh5 Kh7 43. g4 Kg6 44. Rf5 Kh7
45. Kf3 Kg8 46. Rh5 Kf7 47. Kg3 Kg8 48. h4 Bf6 49. Bf4 Be7 50. Kh3 Rb3+ 51.
Bg3 Rb5 52. Kg2 Ra5 53. Bf4 Ra4 54. Kf3 Ra3+ 55. Be3 Ra5 56. Kg3 Bf6 57.
Bf4 Be7 58. Kh3 Ra3+ 59. Be3 Bf6 60. Rf5 Bd4 61. Rf3 Be5 62. Kg2 1/2-1/2

[Event "2nd WTeam w"]
[Site "Ningbo CHN"]
[Date "2009.09.06"]
[Round "5"]
[White "Zhao Xue"]
[Black "Kosintseva,N"]
[Result "0-1"]
[WhiteElo "2542"]
[BlackElo "2493"]
[EventDate "2009.09.02"]

1. d4 Nf6 2. c4 e6 3. Nf3 d5 4. Nc3 Bb4 5. cxd5 exd5 6. Bg5 Nbd7 7. Rc1 c6
8. a3 Bxc3+ 9. Rxc3 O-O 10. e3 h6 11. Bh4 g5 12. Bg3 Ne4 13. Rc2 Ndf6 14.
Bd3 Bf5 15. Ne5 Kg7 16. f3 Nxg3 17. hxg3 Bxd3 18. Qxd3 Qe7 19. Kf2 Nd7 20.
Ng4 Rh8 21. e4 dxe4 22. fxe4 Nf6 23. Nxf6 Qxf6+ 24. Ke3 Rhe8 25. Rf2 Qe6
26. Rhf1 Re7 27. Kd2 Rf8 28. Re2 Rd8 29. Rf5 Red7 30. Kc3 Rxd4 31. Qxd4+
Rxd4 32. Kxd4 Qd6+ 33. Kc3 Qxg3+ 34. Kc2 Qg4 35. Kd2 f6 36. Rf3 Qe6 37. Ke1
h5 38. Rf5 h4 39. Kf1 Kg6 40. Rf3 Qc4 41. Rfe3 Qc1+ 42. Kf2 g4 43. Rc3 g3+
44. Kf3 Qf1+ 45. Ke3 h3 46. Kd2 h2 0-1

[Event "2nd WTeam w"]
[Site "Ningbo CHN"]
[Date "2009.09.06"]
[Round "5"]
[White "Romanko,M"]
[Black "Ju Wenjun"]
[Result "1/2-1/2"]
[WhiteElo "2453"]
[BlackElo "2443"]
[EventDate "2009.09.02"]

1. d4 Nf6 2. c4 g6 3. g3 c6 4. Bg2 d5 5. cxd5 cxd5 6. Nc3 Bg7 7. Qa4+ Nc6
8. Nf3 O-O 9. O-O Ne4 10. e3 Nxc3 11. bxc3 Bf5 12. Ba3 Be4 13. Nd2 Bxg2 14.
Kxg2 a6 15. Bc5 b5 16. Qc2 Qd7 17. a4 Rfb8 18. Rfb1 Na5 19. axb5 axb5 20.
Ra2 e6 21. Rab2 Rb7 22. Ra1 Qd8 23. Qb1 Rab8 24. Bd6 Qxd6 25. Rxa5 Qc6 26.
Ra3 Bf8 27. Rab3 b4 28. cxb4 Rb5 29. Nf3 Qd6 30. Ne5 Rxb4 31. Rxb4 Rxb4 32.
Rxb4 Qxb4 33. Qc2 Qb7 34. h4 1/2-1/2

[Event "2nd WTeam w"]
[Site "Ningbo CHN"]
[Date "2009.09.06"]
[Round "5"]
[White "Huang Qian"]
[Black "Gunina,V"]
[Result "1/2-1/2"]
[WhiteElo "2424"]
[BlackElo "2437"]
[EventDate "2009.09.02"]

1. d4 d5 2. Nf3 Nf6 3. c4 c6 4. Nc3 dxc4 5. a4 e6 6. e4 Bb4 7. Bg5 c5 8.
Bxc4 cxd4 9. Bb5+ Nc6 10. Nxd4 Bd7 11. O-O h6 12. Bh4 Nxd4 13. Qxd4 Bxb5
14. Qxb4 Bxf1 15. Rxf1 a5 16. Qa3 g5 17. Bg3 Qd4 18. Nb5 Qb4 19. Nd6+ Ke7
20. Qf3 Rhf8 21. Rd1 Rad8 22. Be5 Ne8 23. Bc3 Qxa4 24. e5 Rd7 25. Nc8+ Kd8
26. Rxd7+ Qxd7 27. Nb6 Qc6 28. Qd1+ Ke7 29. Bxa5 f5 30. Bb4+ Kf7 31. Bxf8
Kxf8 32. Na4 Qb5 33. Qd4 Kf7 34. Nc5 Nc7 35. Qd6 Qc6 36. g3 Nd5 37. Qxc6
bxc6 38. Kf1 Ne7 39. Ke2 Ng6 40. Nd3 Ke7 41. Ke3 Kd8 42. f4 gxf4+ 43. gxf4
Ne7 44. Kf3 Nd5 45. Nc5 Ke7 46. Nb3 Nb4 47. Nc5 1/2-1/2

[Event "2nd WTeam w"]
[Site "Ningbo CHN"]
[Date "2009.09.08"]
[Round "6"]
[White "Krush,I"]
[Black "Hou Yifan"]
[Result "1-0"]
[WhiteElo "2458"]
[BlackElo "2585"]
[EventDate "2009.09.02"]

1. d4 Nf6 2. c4 e6 3. Nc3 Bb4 4. Qc2 d5 5. cxd5 exd5 6. Bg5 c5 7. dxc5 h6
8. Bh4 g5 9. Bg3 Ne4 10. e3 Qa5 11. Nge2 Bf5 12. Bxb8 Rxb8 13. Nd4 Bd7 14.
Bd3 Bxc3+ 15. bxc3 Qxc3+ 16. Qxc3 Nxc3 17. Rc1 Nxa2 18. Rb1 Ke7 19. Kd2 a5
20. Ra1 Nb4 21. Rxa5 Nc6 22. Ra2 Rhc8 23. Rb1 Nd8 24. Ra5 Ne6 25. Nxe6 fxe6
26. f4 Rc7 27. g3 Rbc8 28. Ra7 Rb8 29. Bb5 Bc8 30. Rc1 Bd7 31. Bxd7 Kxd7
32. Kd3 gxf4 33. exf4 Rc6 34. Kd4 Ra6 35. Ra1 Rxa7 36. Rxa7 Kc6 37. Ra2 Re8
38. Rb2 h5 39. Rb6+ Kc7 40. Ke5 Rd8 41. Kd4 Re8 42. Rd6 Re7 43. Ke5 Re8 44.
Kf6 b5 45. Kf7 Rd8 46. Ke7 Rb8 47. Kxe6 b4 48. Rxd5 Kc6 49. Rd2 b3 50. Rb2
Kxc5 51. f5 Kd4 52. f6 Kc3 53. Rb1 Kc2 54. Rf1 Rb6+ 55. Ke7 Rb7+ 56. Kf8 b2
57. f7 b1=Q 58. Rxb1 Rxb1 59. Kg8 1-0

[Event "2nd WTeam w"]
[Site "Ningbo CHN"]
[Date "2009.09.08"]
[Round "6"]
[White "Javakhishvili,L"]
[Black "Romanko,M"]
[Result "1/2-1/2"]
[WhiteElo "2472"]
[BlackElo "2453"]
[EventDate "2009.09.02"]

1. d4 Nf6 2. c4 g6 3. Nc3 Bg7 4. e4 d6 5. Nf3 O-O 6. Be2 e5 7. a4 Nc6 8. d5
Ne7 9. O-O a5 10. Be3 Nd7 11. Qb1 f5 12. Ng5 Nc5 13. Bxc5 dxc5 14. Rd1 Nxd5
15. Nxd5 Qxg5 16. Nxc7 Rb8 17. Ra3 Qe7 18. Nb5 Bd7 19. Bf3 Be6 20. Nd6 Rbd8
21. Rad3 Rd7 22. b3 b6 23. Qc2 Rfd8 24. Nb5 Rxd3 25. Rxd3 Rxd3 26. Qxd3 Qd7
27. Qxd7 Bxd7 28. Nc3 Bf6 29. h3 Kg7 30. Kf1 f4 31. Bg4 Bc6 32. Ke2 Kf7 33.
Bc8 Ke7 34. Kf3 Bh4 35. Ne2 Kf6 36. Nc1 Ke7 37. Nd3 Kf6 38. g3 fxg3 39.
fxg3 Bg5 40. Nf2 h5 41. h4 Bd2 42. Nd3 Bc3 43. Nf2 1/2-1/2